000 00196 a2200097 4500
020 _a9684199511
041 _aspa
100 _aHeller,Ruth
245 _aLas Gallinas no son las Unicas
942 _cBK
999 _c31732
_d31730